¿Cómo vamos a tomar el poder? Línea militar del EGP durante la Guerra Popular Revolucionaria
محفوظ في:
| مؤلف مشترك: | |
|---|---|
| التنسيق: | نص |
| منشور في: |
Guatemala :
|
| الوسوم: |
إضافة وسم
لا توجد وسوم, كن أول من يضع وسما على هذه التسجيلة!
|
MARC
| LEADER | 00000 a a2200000 04500 | ||
|---|---|---|---|
| 001 | 15281 | ||
| 003 | |||
| 040 | |||
| 090 | |a 021100 | ||
| 110 | |a Ejército Guerrillero de los Pobres (Guatemala) | ||
| 245 | |a ¿Cómo vamos a tomar el poder? Línea militar del EGP durante la Guerra Popular Revolucionaria | ||
| 260 | |a Guatemala : | ||
| 300 | |a 9 p. | ||
| 999 | |c 12093 |d 12093 | ||
